Central Library OPAC University of Rajshahi

Introduction to politics / (Record no. 35944)

MARC details
000 -LEADER
fixed length control field 00841nam a22003012a 4500
001 - CONTROL NUMBER
control field 35944
003 - CONTROL NUMBER IDENTIFIER
rucl marc code BD-RjUL
005 - DATE AND TIME OF LATEST TRANSACTION
control field 20211209052415.0
008 - FIXED-LENGTH DATA ELEMENTS--GENERAL INFORMATION
fixed length control field 500101s1964 enk b 000 0 eng d
035 ## - SYSTEM CONTROL NUMBER
System control number (BD-RjUL)36041
040 ## - CATALOGING SOURCE
Original cataloging agency DLC
Transcribing agency DLC
Modifying agency BD-RjUL
-- BD-RjUL
Language of cataloging eng
041 ## - LANGUAGE CODE
Language code of text/sound track or separate title eng
082 ## - DEWEY DECIMAL CLASSIFICATION NUMBER
Classification number 320.15
Author mark and year PII 1967
100 1# - MAIN ENTRY--PERSONAL NAME
Personal name Pickles, Dorothy Maud.
9 (RLIN) 76678
245 10 - TITLE STATEMENT
Title Introduction to politics /
Statement of responsibility, etc. Dorothy M. Pickles
250 ## - EDITION STATEMENT
Edition statement Rev. ed.
260 ## - PUBLICATION, DISTRIBUTION, ETC. (IMPRINT)
Place of publication, distribution, etc. London :
Name of publisher, distributor, etc. Methuen,
Date of publication, distribution, etc. 1964 [Reprinted 1967]
300 ## - PHYSICAL DESCRIPTION
Pagination 224 p. ;
Size 21 cm
490 1# - SERIES STATEMENT
Series statement University paperbacks ;
Volume/sequential designation 119
504 ## - BIBLIOGRAPHY, ETC. NOTE
Bibliography, etc Bibliography: p. 218-220
650 #0 - SUBJECT ADDED ENTRY--TOPICAL TERM
Topical term or geographic name as entry element Civics
9 (RLIN) 17258
Topical term or geographic name as entry element State, The
9 (RLIN) 109414
830 #0 - SERIES ADDED ENTRY--UNIFORM TITLE
Volume number/sequential designation 119
Uniform title University paperbacks ;
942 ## - ADDED ENTRY ELEMENTS (KOHA)
Source of classification or shelving scheme Dewey Decimal Classification
Koha item type Books
Holdings
Lost status Source of classification or shelving scheme Damaged status Not for loan Collection code Permanent Location Current Location Shelving location Date acquired Source of acquisition Cost, normal purchase price Total Checkouts Full call number Date last seen Copy number Koha item type
  Dewey Decimal Classification     Non-fiction Central Library, University of Rajshahi Central Library, University of Rajshahi   05/09/1968 zeetlinger 10.60   320.15 PII 1967 12/06/2014 C-2 Books
  Dewey Decimal Classification     Non-fiction Central Library, University of Rajshahi Central Library, University of Rajshahi   05/09/1968 zeetlinger 10.60   320.15 PII 1967 12/06/2014 C-3 Books
  Dewey Decimal Classification     Non-fiction Central Library, University of Rajshahi Central Library, University of Rajshahi   05/09/1965 zeetlinger 10.60   320.15 PII 1967 12/06/2014 C-8 Books
  Dewey Decimal Classification     Non-fiction Central Library, University of Rajshahi Central Library, University of Rajshahi   05/09/1968 zeetlinger 10.60   320.15 PII 1967 12/06/2014 C-9 Books
  Dewey Decimal Classification     Non-fiction Central Library, University of Rajshahi Central Library, University of Rajshahi   05/09/1968 zeetlinger 10.60   320.15 PII 1967 12/06/2014 C-7 Books
  Dewey Decimal Classification     Non-fiction Central Library, University of Rajshahi Central Library, University of Rajshahi   05/09/1968 zeetlinger 10.60   320.15 PII 1967 12/06/2014 C-5 Books
  Dewey Decimal Classification     Non-fiction Central Library, University of Rajshahi Central Library, University of Rajshahi   05/09/1968 Zeitlinger 10.00   320.15 PII 1967 16/06/2014 C-4 Books
  Dewey Decimal Classification     Non-fiction Central Library, University of Rajshahi Central Library, University of Rajshahi General Stacks 10/09/2025       320.15 PII 1964 10/09/2025 C-6 Books